000 01007nam a2200289 i 4500
001 000025759
003 DO-SdBNP
005 20240925103414.0
007 ta
008 110222s1996 dr 000 0 spa d
040 _aDO-SdBNP
_bspa
_cBNPHU
_erda
049 _aBNPD
082 4 _bC531a
_222
100 1 _aChez Checo, José,
_d1949-
_eautor
_4aut.
_910145
245 1 3 _aEl año de fundación de la ciudad de Santo Domingo :
_ben la historiografía contemporánea dominicana /
_cJosé Chez Checo.
264 1 _aSanto Domingo :
_bEditora Amigo del Hogar,
_c1996.
300 _a59 páginas ;
_c20 cm.
336 _atexto
_btxt
_2rdacontent
337 _asin mediación
_bn
_2rdamedia
338 _avolumen
_bnc
_2rdacarrier
490 1 _aHistoria Total
_v3
500 _aIncluye datos biográficos del autor en las solapas
500 _aIncluye referencias bibliográficas y notas al pie de las páginas
504 _aBibliografía : páginas 53-57
590 _aInventariado, 2024/BT
942 _2ddc
_cLF2
999 _c25251
_d25251